LEADER 01121nam2-2200385---450- 001 990001166210203316 005 20101013111719.0 010 $a88-8302-239-4 035 $a000116621 035 $aUSA01000116621 035 $a(ALEPH)000116621USA01 035 $a000116621 100 $a20030718d2004----km-y0itay50------ba 101 0 $aita 102 $aIT 105 $aaf||||||001yy 200 1 $aJohn Neumeier$fSilvia Poletti 210 $aPalermo$cL'epos$d2004 215 $a232 p., XX p. di tav.$cill.$d21 cm 225 2 $aDanza d'autore$v7 300 $aFrontespizio su due pagine 410 0$1001000327074$12001$aDanza d'autore$v, 7 600 1$aNeumeier,$bJohn$2BNCF 676 $a792.82092 700 1$aPOLETTI,$bSilvia$0555437 801 0$aIT$bsalbc$gISBD 912 $a990001166210203316 951 $aXIII.4. Coll. 1/ 10$b5045 L.G.$cXIII.4. Coll.$d00283119 959 $aBK 969 $aUMA 979 $aMARIA$b10$c20030718$lUSA01$h1009 979 $aPATRY$b90$c20040406$lUSA01$h1722 979 $aANNAMARIA$b90$c20101013$lUSA01$h1117 996 $aJohn Neumeier$9983943 997 $aUNISA LEADER 02188nas 2200421 n 450 001 990009006690403321 005 20240229084332.0 011 $a0026-0495 035 $a000900669 035 $aFED01000900669 035 $a(Aleph)000900669FED01 035 $a000900669 091 $2CNR$aP 00005280 100 $a20161109a19529999km-y0itaa50------ba 101 0 $aeng 102 $aUS 110 $aauu-------- 200 1 $aMetabolism: clinical and experimental 207 1$a1952- 210 $aNew York$cW.B. Saunders Co. 452 0$12001$aMetabolism, clinical and experimental (Online) 530 0 $aMetabolism: clinical and experimental 675 $a612.015.3 675 $a616-008 676 $a616.3/9 801 0$aIT$bACNP$c20090723 859 4 $uhttp://acnp.cib.unibo.it/cgi-ser/start/it/cnr/dc-p1.tcl?catno=2572&person=false&language=ITALIANO&libr=&libr_th=unina1$zBiblioteche che possiedono il periodico 901 $aSE 912 $a990009006690403321 958 $aBiblioteca del Dipartimento di Medicina Clinica e Sperimentale$b1970-2004;$c1970-1981;1983;1996;$fDMECM 958 $aBiblioteca Interdipartimentale " G.Quagliariello " Dipartimento di biochimica e Biotecnologie mediche e Dipartimento di Biologia e Patologia cellulare e molecolare. Facoltà di Medicina e Chirurgia. Università degli Studi di Napoli "Federico II"$b1974-2003;$fDMBBM 959 $aDMECM 959 $aDMBBM 996 $aMetabolism$91413630 997 $aUNINA AP1 8 $6866-01$aNA172 Biblioteca del Dipartimento di Medicina Clinica e Sperimentale$eVia Sergio Pansini, 5, 80131 Napoli (NA)$m(081) 7462015$m081 7462015$nit AP1 8 $6866-02$aNA175 Biblioteca Interdipartimentale " G.Quagliariello " Dipartimento di biochimica e Biotecnologie mediche e Dipartimento di Biologia e Patologia cellulare e molecolare. Facoltà di Medicina e Chirurgia. Università degli Studi di Napoli "Federico II"$eVia Pansini, 5, 80131 Napoli (NA)$m(081) 7463014$m(081) 7463652$nit AP2 40$aacnp.cib.unibo.it$nACNP Italian Union Catalogue of Serials$uhttp://acnp.cib.unibo.it/cgi-ser/start/it/cnr/df-p.tcl?catno=2572&language=ITALIANO&libr=&person=&B=1&libr_th=unina&proposto=NO